000 00289nam a22001337a 4500
008 170607b xxu||||| |||| 00| 0 eng d
020 _a9780415960779
041 _aeng
080 _a328
100 _a18
101 _aSHP
245 _aAMERICAN GOVERNMENT
_cJILLSON.C
942 _2udc
_cBK
999 _c16280
_d16280